Sports Quiz

Random Sports or Baseball Quiz

MLB Perfect Game Search Quiz Stats

 Plays Quiz Updated Apr 6, 2015

Score 0/23 Timer 08:00
0 Plays Today
% Correct
Roy Halladay
83.5%
Mark Buehrle
82.8%
Randy Johnson
81.7%
David Wells
79.9%
David Cone
78.8%
Sandy Koufax
78.7%
Don Larsen
78.5%
Matt Cain
74.7%
Felix Hernandez
73.5%
Dallas Braden
72.1%
Kenny Rogers
71.2%
Cy Young
68.8%
% Correct
Philip Humber
65.6%
Dennis Martinez
63.2%
Jim Bunning
60.3%
Tom Browning
58.6%
Catfish Hunter
58.3%
Mike Witt
52.5%
Len Barker
51.4%
Addie Joss
43.4%
Charlie Robertson
38.8%
Lee Richmond
36.4%
Monte Ward
35.5%

You're not logged in!

Compare scores with friends on all Sporcle quizzes.
OR
Log In

Show Comments

Extras

Top Quizzes Today


Score Distribution

Your Account Isn't Verified!

In order to create a playlist on Sporcle, you need to verify the email address you used during registration. Go to your Sporcle Settings to finish the process.

Report this User

Report this user for behavior that violates our Community Guidelines.

Details: